logo

VIA DOLOROSA: REPRESION Y GUERRA CIVIL EN PEÑARANDA DE BRACAMONTE (Record no. 74951)

MARC details
000 -CABECERA
campo de control de longitud fija 00569nam a2200181Ia 4500
001 - NÚMERO DE CONTROL
campo de control 29870
005 - FECHA Y HORA DE LA ÚLTIMA TRANSACCIÓN
campo de control 20260414093252.0
008 - CÓDIGOS DE INFORMACIÓN DE LONGITUD FIJA
campo de control de longitud fija 260115s9999 xx 000 0 und d
035 ## - NÚMERO DE CONTROL DEL SISTEMA
Número de control de sistema 19954
090 ## - LOCALMENTE ASIGNADO TIPO-LC NÚMERO DE CLASIFICACIÓN (OCLC); NÚMERO DE CLASIFICACIÓN LOCAL (RLIN)
Número de clasificación (OCLC) (R) ; Numero de clasificación CALL (RLIN) (NR) 946.018
100 ## - PUNTO DE ACCESO PRINCIPAL - NOMBRE DE PERSONA
Nombre de persona CORRAL BACIERO MANUEL
245 #0 - MENCIÓN DE TÍTULO
Título VIA DOLOROSA: REPRESION Y GUERRA CIVIL EN PEÑARANDA DE BRACAMONTE
260 ## - PUBLICACIÓN, DISTRIBUCIÓN, ETC. (PIE DE IMPRENTA)
Nombre del editor distribuidor etc. CORRAL BACIERO
Fecha de publicación distribución etc. 2007
630 ## - PUNTO DE ACCESO ADICIONAL DE MATERIA--TÍTULO UNIFORME
Título uniforme HISTORIA DE CASTILLA Y LEON
650 ## - PUNTO DE ACCESO ADICIONAL DE MATERIA--TÉRMINO DE MATERIA
Término de materia o nombre geográfico como elemento inicial HISTORIA
942 ## - ELEMENTOS DE PUNTO DE ACCESO ADICIONAL (KOHA)
Tipo de ítem Koha Monografías
901 ## - ELEMENTOS DE DATOS A LOCAL LDA (RLIN)
a FH
b FH
y BK
p SEH_29870
i 26728
j 946018
c HISTORIA
t 1
z 24 X 16 CTMS, 208 PAGS, 12 84-611-6122-X, DONACION
x 1
Holdings
Estado de retiro Estado de pérdida Estado dañado No para préstamo Localización permanente Ubicación/localización actual Ubicación en estantería Fecha de adquisición Número de inventario Número de control en estantería Número de registro Total de préstamos Código de barras Fecha visto por última vez Número de copia Precio válido a partir de Tipo de ítem Koha Nota pública
        Servicio de Estudios Históricos Servicio de Estudios Históricos   14/04/2026 26728 127 26728   SEH_29870 14/04/2026 1 14/04/2026 Monografías 24 X 16 CTMS, 208 PAGS, 12 84-611-6122-X, DONACION